00782nam a2200229 i 4500001000700000003000900007005001700016008004100033017001700074020001800091080002100109100002900130245007300159260004400232300002200276490002300298500011400321650004600435700002500481830002300506852002300529172521ES-MaACL20230906214937.0090714s1983 sp |||| | spa d aB 33190-1983 a84-270-0815-5 a347.156(460)"19"1 aPérez Otamendi, Odila.13aLa mujer ante la ley / cOdila Pérez Otamendi, Margarita Trallero. aBarcelona : bMartínez Roca, c[1983] a152 p. ; c20 cm.1 aFontana práctica aEn la cub. : Divorcio, hijos, trabajo, herencias. Incluye el proyecto de ley de despenalización del aborto.04aMujeres-xEstatuto jurídico-zEspaña.1 aTrallero, Margarita.0 aFontana práctica aES-MaACLjE-12840